| 000 | 00899nam a2200229 i 4500 | ||
|---|---|---|---|
| 001 | 59872 | ||
| 003 | ES-MaACL | ||
| 005 | 20250902103424.0 | ||
| 007 | t| | ||
| 008 | 031031s1947 sp ||||1| spa d | ||
| 100 | 1 |
_aEscagües de Javierre, Isidoro. _947455 |
|
| 245 | 1 | 3 |
_aUn libro curioso y desconocido _b: la "Tachigrafia castellana" de D. Francisco de Paula Martí / _cpor Isidoro Escagües de Javierre. |
| 260 |
_aMadrid : _bReal Sociedad Geográfica, _c1947 ( _fS. Aguirre) |
||
| 300 |
_a9 p. ; _c24 cm. |
||
| 490 | 1 |
_aPublicaciones de la Real Sociedad Geográfica. Serie B ; _v209 |
|
| 600 | 1 | 7 |
_aMartí, Francisco de Paula, _d1761-1827 _2 _9148058 |
| 710 | 2 |
_aReal Sociedad Geográfica _96403 |
|
| 740 | 0 | 2 | _aTachigrafia castellana. |
| 830 | 1 |
_aPublicaciones de la Real Sociedad Geográfica. Serie B ; _v209 _9182685 |
|
| 852 |
_aES-MaACL _j1768-F-23 |
||
| 999 |
_c59872 _d59872 |
||